[Event "Scarborough CC Frost U1800"]
[Site "Toronto"]
[Date "2012.01.05"]
[Round "1"]
[White "Kurkowski, Ken"]
[Black "Thornton, Bill"]
[Result "0-1"]
[WhiteElo "1604"]
[BlackElo "1383"]
[PlyCount "66"]
[EventDate "2012.01.05"]
[EventType "swiss"]
[EventRounds "6"]
[EventCountry "CAN"]
[SourceTitle "EXT 2022"]
[Source "ChessBase"]
[SourceDate "2021.10.06"]
[SourceVersion "1"]
[SourceVersionDate "2021.10.06"]
[SourceQuality "1"]

1. d4 d5 2. Nf3 c6 3. c4 Nf6 4. e3 e6 5. Nbd2 dxc4 6. Bxc4 Be7 7. 0-0 0-0 8. b3 Nbd7 9. Bb2 Re8 10. Qc2 Nb6 11. Bd3 Nbd5 12. a3 h6 13. Ne5 a5 14. f4 Nxe3 15. Qb1 Nxf1 16. Qxf1 Bd7 17. Qf3 Nd5 18. Rf1 Bf6 19. Ndc4 Qc7 20. a4 b5 21. Nxd7 Qxd7 22. Ne5 Qb7 23. axb5 cxb5 24. Be4 Rac8 25. f5 Rf8 26. Nxf7 Rxf7 27. Kh1 Bg5 28. Qd3 Rcf8 29. Bc1 Bxc1 30. Rxc1 exf5 31. Bf3 Nb4 32. Bxb7 Nxd3 33. Rd1 Nf2+ 0-1

[Event "Scarborough CC Falling Leaves U1400"]
[Site "Toronto"]
[Date "2011.12.15"]
[Round "7"]
[White "Thornton, Bill"]
[Black "Zhao, Harry"]
[Result "1-0"]
[WhiteElo "1290"]
[BlackElo "1296"]
[PlyCount "63"]
[EventDate "2011.11.03"]
[EventType "swiss"]
[EventRounds "7"]
[EventCountry "CAN"]
[SourceTitle "EXT 2022"]
[Source "ChessBase"]
[SourceDate "2021.10.06"]
[SourceVersion "1"]
[SourceVersionDate "2021.10.06"]
[SourceQuality "1"]

1. d4 d5 2. c4 e6 3. Nc3 Nf6 4. Bf4 c6 5. e3 a6 6. Bd3 dxc4 7. Bxc4 Bd6 8. Bg5 Nbd7 9. e4 Be7 10. a3 h6 11. Bh4 Nxe4 12. Nxe4 Bxh4 13. Nd6+ Kf8 14. Nf3 Be7 15. Ne4 b5 16. Ba2 Bb7 17. Nc3 Nb6 18. Qd3 Nd5 19. 0-0 h5 20. Rac1 Rc8 21. Ne5 Rh6 22. f4 Bd6 23. f5 Bxe5 24. dxe5 Kg8 25. fxe6 fxe6 26. Kh1 Qg5 27. Nxd5 cxd5 28. Rxc8+ Bxc8 29. Qf3 Kh7 30. Bb1+ Rg6 31. Bxg6+ Kxg6 32. Qg3 1-0

[Event "Scarborough CC Falling Leaves U1400"]
[Site "Toronto"]
[Date "2011.11.17"]
[Round "3"]
[White "Yu, Tianxi"]
[Black "Thornton, Bill"]
[Result "0-1"]
[WhiteElo "1024"]
[BlackElo "1290"]
[PlyCount "106"]
[EventDate "2011.11.03"]
[EventType "swiss"]
[EventRounds "7"]
[EventCountry "CAN"]
[SourceTitle "EXT 2022"]
[Source "ChessBase"]
[SourceDate "2021.10.06"]
[SourceVersion "1"]
[SourceVersionDate "2021.10.06"]
[SourceQuality "1"]

1. e4 e5 2. Nf3 Nc6 3. d4 exd4 4. Nxd4 Nxd4 5. Qxd4 d6 6. Nc3 Be7 7. Qd1 Nf6 8. Bg5 0-0 9. Bd3 Be6 10. 0-0 h6 11. Bh4 c6 12. Qe2 Nd7 13. Bxe7 Qxe7 14. Bc4 Ne5 15. Bxe6 fxe6 16. Rad1 Rae8 17. b3 d5 18. f3 Qc5+ 19. Kh1 Qxc3 20. f4 Ng6 21. f5 exf5 22. Qd3 Qxd3 23. cxd3 fxe4 24. Rxf8+ Rxf8 25. dxe4 dxe4 26. h3 Rf7 27. Rd4 Re7 28. Rd8+ Kf7 29. Rd6 Nf4 30. Rd4 Nd5 31. Kg1 e3 32. Kf1 Re6 33. Ke2 Rf6 34. Ra4 a6 35. Re4 Nc3+ 36. Kxe3 Nxe4 37. Kxe4 Rd6 38. g4 c5 39. Ke5 Rd8 40. Kf5 b5 41. h4 c4 42. g5 hxg5 43. hxg5 c3 44. g6+ Ke7 45. a4 c2 46. axb5 axb5 47. b4 c1Q 48. Ke5 Qc6 49. Kf5 Rd5+ 50. Ke4 Qc4+ 51. Ke3 Rd3+ 52. Ke2 Qc2+ 53. Ke1 Rd1# 0-1

[Event "Scarborough CC Falling Leaves U1400"]
[Site "Toronto"]
[Date "2011.11.10"]
[Round "2"]
[White "Thornton, Bill"]
[Black "Guo, Thomas"]
[Result "1/2-1/2"]
[WhiteElo "1290"]
[BlackElo "1038"]
[PlyCount "60"]
[EventDate "2011.11.03"]
[EventType "swiss"]
[EventRounds "7"]
[EventCountry "CAN"]
[SourceTitle "EXT 2022"]
[Source "ChessBase"]
[SourceDate "2021.10.06"]
[SourceVersion "1"]
[SourceVersionDate "2021.10.06"]
[SourceQuality "1"]

1. d4 g6 2. c4 Bg7 3. Nc3 e6 4. Bf4 d5 5. Nf3 Ne7 6. e3 b6 7. Bd3 Bb7 8. 0-0 c5 9. cxd5 Bxd5 10. Nxd5 Nxd5 11. Bg3 Nc6 12. Bb5 Rc8 13. Qa4 Qd7 14. Ne5 Bxe5 15. Bxe5 f6 16. Bg3 Kd8 17. dxc5 bxc5 18. Rad1 f5 19. f3 Qg7 20. Bxc6 Ke7 21. Bxd5 exd5 22. Rxd5 Qxb2 23. Qd7+ Kf6 24. Rd6+ Kg5 25. Bf4+ Kh5 26. Qe7 h6 27. Qe6 Rcg8 28. g4+ Kh4 29. Be5 Qe2 30. Bxh8 Kh3 1/2-1/2